000 00362nam a2200157Ia 4500
001 23960
003 Ost
005 20260507155958.0
008 251113s9999||||xx |||||||||||||| ||eng||
040 _cnitttr
041 _aeng
082 _a620.1
_bR13E
100 _aRajput, R. K.
245 0 _aText book of engineering mechanics. /
_cRajput, R. K.
942 _cBK
999 _c23781
_d23781